| 000 | 00728nam a2200229Ia 4500 | ||
|---|---|---|---|
| 001 | 6452 | ||
| 003 | GE_BSU | ||
| 008 | 181216s||||||||xx |||||||||||||| ||und|| | ||
| 040 | _cGE_BSU | ||
| 080 | _a821.133.1-31 | ||
| 100 | _aბეჟანიშვილი,როსტომ. | ||
| 245 | _aუკანასკნელი გადასარბენი. | ||
| 245 | _bმოთხრობა. | ||
| 245 | _cრედ:მ.ჯაფარიძე. | ||
| 260 | _aთბილისი. | ||
| 260 | _bმერანი. | ||
| 260 | _c1973. | ||
| 300 | _a182გვ;17სმ. | ||
| 653 | _aმოთხრობა. | ||
| 653 | _aუკანასკნელი გადასარბენი. | ||
| 942 | _cBK | ||
| 999 |
_c39847 _d39847 |
||